| 000 | 01191nam2a22002051 4500 | ||
|---|---|---|---|
| 001 | v19\rc\1200136 | ||
| 005 | 20250617213629.0 | ||
| 035 | _a(NLR Aleph) 004365909 | ||
| 090 |
_a3434859 _c3434859 |
||
| 100 | _a20060306f18651917|||y0rusy50 ca | ||
| 101 | 0 | _arus | |
| 102 | _aRU | ||
| 105 | _ay z ||||| | ||
| 200 | 0 | _a... за 28-й г. существования его, с 1-го авг. 1891 г. по 1-е авг. 1892 г. | |
| 461 | 0 |
_1001v19\rc\1200110 _12001#$aОтчет Киевского Св.-Владимирского при Софийском соборе, братства...$v... за 28-й г. существования его, с 1-го авг. 1891 г. по 1-е авг. 1892 г.$90 _93434526 _aКиевское Свято-Владимирское епархиальное братство _cКиев _d1865-1917 _p39 т. _tОтчет Киевского Св.-Владимирского при Софийском соборе, братства... _v... за 28-й г. существования его, с 1-го авг. 1891 г. по 1-е авг. 1892 г.$90 |
|
| 801 | 0 |
_aRU _bNLR _gpsbo |
|
| 801 | 1 |
_aRU _bProSoft-M _2rusmarc |
|
| 852 |
_aNLR _j19.113.3.16 |
||
| 942 | _cBOOK | ||
| 980 | _aNB | ||